Curso de lingüística general

Bewaard in:
Bibliografische gegevens
Hoofdauteur: Saussure, Ferdinand de (Auteur)
Formaat: Boek
Taal:Spaans
Gepubliceerd in: Buenos Aires Losada 1969
Editie:7a. ed
Reeks:Filosofía y Teoría del Lenguaje
Onderwerpen:
Tags: Voeg label toe
Geen labels, Wees de eerste die dit record labelt!

MARC

LEADER 00000cam a2200000 a 4500
001 UCF6670
003 CL-VaPUC
008 130516e19690000AG |||||||||||||||||spa|d
082 0 4 |a 410  |b SAU  |2 21 
100 0 |a Saussure, Ferdinand de  |e author  |9 350677 
245 1 0 |a Curso de lingüística general 
250 |a 7a. ed 
300 |a 378 p 
942 |c BK 
945 |d 20130516 00:00:00  |a cmena 
260 |a Buenos Aires  |b Losada  |c 1969 
650 0 |a Lingüística  |9 265068 
650 0 |a Fonología   |9 341074 
583 |a last modification  |c 20130516 09:57:00  |k Rodrigo Vera 
490 0 |a Filosofía y Teoría del Lenguaje 
999 |c 351809  |d 351807 
952 |0 0  |1 0  |4 0  |6 410_000000000000000_SAU_1969  |7 0  |8 A  |9 456150  |a BIBEDU  |b BIBEDU  |d 2019-11-22  |i 4957458  |l 9  |m 2  |o 410 SAU 1969  |p 4957458  |r 2025-03-25  |s 2025-03-19  |w 2019-11-22  |y BK  |k LIT